Predicción de conductividad térmica de alimentos /
Guardado en:
| Otros Autores: | |
|---|---|
| Formato: | Manuscrito |
| Idioma: | Spanish |
| Publicado: |
1984.
|
| Materias: | |
| Etiquetas: |
Agregar Etiqueta
Sin Etiquetas, Sea el primero en etiquetar este registro!
|
| LEADER | 01111ntm a22002775a 4500 | ||
|---|---|---|---|
| 001 | EIQ.libpla002581 | ||
| 008 | 070703s1984####ag#a#####bm###000#0#spa#d | ||
| 005 | 20070703174428.0 | ||
| 245 | 1 | 0 | |a Predicción de conductividad térmica de alimentos / |c Miguel Angel Mattea. |
| 260 | |c 1984. | ||
| 300 | |a v, 252 p. : |b il., tablas, figuras ; |c 21 cm. | ||
| 502 | |a Tesis (doctorado)--Universidad Nacional del Sur. Departamento de Ingeniería Química, 1984. | ||
| 500 | |a Director de tesis: Ing. Martín J. Urbicain. | ||
| 504 | |a Incluye referencias bibliográficas. | ||
| 100 | 1 | |a Mattea, Miguel Angel. |4 dis | |
| 710 | 2 | |a Universidad Nacional del Sur (UNS). |b Dto. de Ingeniería Química |4 dgg. | |
| 650 | 4 | |a Alimentos |x Tesis. | |
| 650 | 4 | |a Alimentos |x Deshidratación. | |
| 650 | 4 | |a Alimentos |x Secaderos. | |
| 650 | 4 | |a Productos frutihortícolas |x Conductividad térmica. | |
| 650 | 4 | |a Foods |x Thesis. | |
| 650 | 4 | |a Foods |x Dehydration. | |
| 650 | 4 | |a Foods |x Dryers. | |
| 650 | 4 | |a Fruits and vegetables |x Thermal conductivity. | |
| 040 | |a AR-BbSID |b spa |c AR-BbSID | ||
| 859 | |a AR-BbSID |b BIB. PLAPIQUI |h 664.028 4 |i M 414 |p 2856 | ||
